[Event "COL-ch Amateur"]
[Site "Colombia"]
[Date "2014.03.12"]
[Round "1"]
[White "Bolivar Reyes, Nelson Sneider"]
[Black "Aguilar, Hernando"]
[Result "0-1"]
[WhiteElo "1600"]
[BlackElo "1908"]
[PlyCount "46"]
[EventDate "2014.03.12"]
[EventType "swiss"]
[EventRounds "9"]
[EventCountry "COL"]
[SourceTitle "CBM 159 Extra"]
[Source "ChessBase"]
[SourceDate "2014.04.24"]
[SourceVersion "1"]
[SourceVersionDate "2014.04.24"]
[SourceQuality "1"]

1. e4 d6 2. d4 Nf6 3. Bd3 Bg4 4. f3 Bd7 5. Ne2 e6 6. Bg5 Be7 7. Nd2 Nc6 8. c3 a6 9. b4 Ng8 10. Bxe7 Ngxe7 11. 0-0 0-0 12. b5 axb5 13. Bxb5 Ng6 14. f4 Nce7 15. Bxd7 Qxd7 16. Ng3 Ra3 17. Qc2 Rfa8 18. f5 exf5 19. Nxf5 Nxf5 20. exf5 Ne7 21. f6 Nd5 22. Qf5 Qxf5 23. Rxf5 Nxf6 0-1